[Event "Granada Region-ch Seniors"]
[Site "Granada"]
[Date "2013.??.??"]
[Round "6.2"]
[White "Guntinas Hernandez, Rodrigo Luis"]
[Black "Martin Galvez, Manuel"]
[Result "1-0"]
[WhiteElo "1602"]
[BlackElo "1909"]
[PlyCount "111"]
[EventDate "2013.01.08"]
[EventType "swiss"]
[EventRounds "6"]
[EventCountry "ESP"]
[SourceTitle "EXT 2024"]
[Source "ChessBase"]
[SourceDate "2023.10.10"]
[SourceVersion "1"]
[SourceVersionDate "2023.10.10"]
[SourceQuality "1"]

1. e4 c5 2. Nc3 e6 3. g3 a6 4. Bg2 Qc7 5. d3 b5 6. f4 Bb7 7. Nf3 d6 8. 0-0 Nd7 9. Qe2 b4 10. Nd1 Ngf6 11. b3 Be7 12. Bb2 h5 13. Ne3 a5 14. e5 dxe5 15. fxe5 Nd5 16. Nc4 Nc3 17. Bxc3 bxc3 18. Qe1 0-0 19. Qxc3 a4 20. Qd2 Bd5 21. Qe2 f6 22. Nh4 Bxg2 23. Kxg2 Qc6+ 24. Kg1 axb3 25. cxb3 fxe5 26. Ng6 Rxf1+ 27. Rxf1 Bf6 28. Rxf6 Re8 29. Rf2 Nf6 30. Ngxe5 Qd5 31. Qe3 Rb8 32. Rc2 Rb5 33. Re2 Rb8 34. Ng6 Re8 35. Nf4 Qc6 36. Ne5 Qd6 37. Rc2 Rc8 38. Nf3 Re8 39. Qxc5 Qa6 40. Qc4 Qb6+ 41. Qc5 Qa6 42. Qc6 Qa7+ 43. Kg2 Qe3 44. Re2 Qa7 45. Nxh5 Re7 46. Nxf6+ gxf6 47. a4 Kf7 48. d4 Qb8 49. Qc2 Qb4 50. Qc4 Qd6 51. a5 Rb7 52. Rc2 Kg6 53. Qc5 Qb8 54. a6 Rxb3 55. Ra2 Qa8 56. Qc2+ 1-0